000 01332nam0a2200325 4500
001 RU\NLR\bibl\1500326
005 20250616015839.0
010 _a978-5-09-020605-1
_910000
021 _aRU
_b2010-17035
_91141
035 _a(NLR Aleph) 001491787
090 _a1767271
_c1767271
100 _a20100416d2010 |||y0rusy50 ca
101 0 _arus
102 _aRU
105 _aa |||||||||
200 1 _aГотовимся к обучению письму
_eлинии и штриховки
_eпособие для детей 6-7 лет
_fТ.И. Гризик
210 _aМосква
_cПросвещение
_d2010
215 _a31 с.
_cил., цв. ил.
_d26
225 1 _aСкоро в школу
606 1 _aКисть руки детей
_jРуководства, пособия и т.п
_xПодготовка к письму
_92164526
_3RU\NLR\AUTH\6601539358
606 1 _aКисть руки у детей
_jРуководства, пособия и т.п.
_xПодготовка к письму
_92093559
_3RU\NLR\auth\661266928
686 _aЧ411.389я7
686 _aЧ411.382.1я7
700 1 _aГризик
_bТ. И.
_gТатьяна Ивановна
_4070
801 0 _aRU
_bNLR
_c20100416
_gRCR
801 1 _aRU
_bNLR
_c20100416
942 _cBOOK
980 _aNB